Wszystkie kolonie brytyjskie - Statystyki

Ogólne statystyki
  • Ten quiz został rozwiązany 135 razy
    73 od ostatniego zresetowania
  • Średni wynik to 20 z 62
Statystyki odpowiedzi
Rodzaj państwa Państwo Kontynent % Poprawnych
Dominium Kanada Ameryka Północna
77%
Protektorat Egipt Afryka
75%
Dominium Australia Oceania
73%
Dominium Związek Południowej Afryki Afryka
72%
Kolonia Cypr Europa / Azja
67%
Dominium Nowa Zelandia Oceania
67%
Dominium Sudan Anglo-Egipski Afryka
63%
Kolonia Malta Europa
60%
Kolonia Nigeria Afryka
57%
Kolonia Gujana Ameryka Południowa
53%
Protektorat Kenia Afryka
52%
Protektorat Somali Afryka
52%
Kolonia Gibraltar Europa
50%
Protektorat Aden Azja
47%
Kolonia Birma Azja
47%
Dominium Indie Brytyjskie Azja
45%
Protektorat Oman Azja
45%
Mandat zależny Palestyna Azja
45%
Kolonia Jamajka Ameryka Północna
43%
Kolonia Honduras Brytyjski Ameryka Północna
42%
Mandat zależny Irak Azja
42%
Protektorat Kuwejt Azja
42%
Kolonia Bahamy Ameryka Północna
40%
Kolonia Gambia Afryka
40%
Kolonia Falklandy Ameryka Południowa
38%
Protektorat Katar Azja
38%
Kolonia Hong Kong Azja
33%
Kolonia Uganda Afryka
33%
Kolonia Barbados Ameryka Północna
32%
Kolonia Bermudy Ameryka Północna
30%
Kolonia Cejlon Azja
28%
Protektorat Malediwy Azja
28%
Kolonia Trynidad i Tobago Ameryka Północna
28%
Protektorat Zanzibar Afryka
27%
Protektorat Bahrajn Azja
25%
Protektorat Sierra Leone Afryka
25%
Kolonia Tanganika Afryka
25%
Protektorat Brunei Azja
23%
Kolonia Mauritius Afryka
23%
Dominium Nowa Fundlandia Ameryka Północna
23%
Kolonia Rodezja Południowa Afryka
23%
Kolonia Saint Kitts i Nevis Ameryka Północna
23%
Kolonia Malaje Azja
22%
Protektorat Rodezja Północna Afryka
22%
Kolonia Złote Wybrzeże Afryka
22%
Protektorat Suazi Afryka
20%
Protektorat Beczuana Afryka
15%
Protektorat Transjordania Azja
15%
Protektorat Bhutan Azja
13%
Protektorat Niasa Afryka
13%
Terytorium zależne Brytyjskie Terytorium Antarktyczne Antarktyda
12%
Terytorium zależne Brytyjskie Terytorium Oceanu Indyjskiego Azja / Afryka / Oceania
12%
Kolonia Kamerun Afryka
10%
Kolonia Wyspy Zawietrzne Ameryka Północna
8%
Kolonia Basuto Afryka
7%
Protektorat Borneo Północne Azja
7%
Kolonia Kanał Sueski Afryka / Azja
7%
Kolonia Afryka Południowo-Zachodnia Afryka
5%
Protektorat Oman Traktatowy Azja
5%
Kolonia Wyspy Podwietrzne Ameryka Północna
5%
Terytorium zależne Brytyjskie Terytoria Zachodniego Pacyfiku Oceania
2%
Terytorium zależne Weihaiwei Azja
2%
Nie znaleziono quizów pasujących do podanych kryteriów
Rozkład punktacji
Procent ludzi z każdym wynikiem
Percentyl według liczby udzielonych odpowiedzi
Twoja historia wyników
Nie rozwiązałeś tego quizu od ostatniego zresetowania